Prosa española siglo XX / (Record no. 104067)

MARC details
000 -LEADER
campo de control de longitud fija 00442nam a2200157 i 4500
001 - NÚMERO DE CONTROL
campo de control 104067
003 - IDENTIFICADOR DE NÚMERO DE CONTROL
campo de control ES-MaACL
005 - FECHA Y HORA DE LA ÚLTIMA TRANSACCIÓN
campo de control 20230906183513.0
007 - CAMPO FIJO DE DESCRIPCIÓN FÍSICA--INFORMACIÓN GENERAL
campo de control de longitud fija t|
008 - DATOS DE LONGITUD FIJA--INFORMACIÓN GENERAL
campo de control de longitud fija 051122s1960 sp ||||1| spa d
100 1# - ENTRADA PRINCIPAL--NOMBRE DE PERSONA
Nombre de persona Micó Buchón, José Luis.
9 (RLIN) 80948
245 10 - MENCIÓN DEL TÍTULO
Título Prosa española siglo XX /
Mención de responsabilidad, etc. José Luis Micó Buchón.
260 ## - PUBLICACIÓN, DISTRIBUCIÓN, ETC.
Lugar de publicación, distribución, etc. Madrid :
Nombre del editor, distribuidor, etc. Razón y Fé,
Fecha de publicación, distribución, etc. 1960.
300 ## - DESCRIPCIÓN FÍSICA
Extensión 589 p. ;
Dimensiones 18 cm.
852 ## - LOCALIZACIÓN
Ubicación ES-MaACL
Número de control de estantería C-19244
Sublocalización o colección R.46976
Holdings
Estatus retirado Estado de pérdida Estado de daño No para préstamo Biblioteca de origen Biblioteca actual Ubicación en estantería Fecha de adquisición Fuente de adquisición Total de préstamos Signatura topográfica completa Código de barras Visto por última vez Precio de reemplazo Tipo de ítem Koha
        Biblioteca del Ateneo de Madrid Biblioteca del Ateneo de Madrid Galería 17/01/2008     C-19244 1108655 23/02/2023 23/02/2023 Libro impreso